00671nam a2200229Ia 4500003000900000008004100009040001300050040001300063041000800076100002200084245003100106250001100137260001400148260000900162300001100171300001000182490000600192600002100198942000700219999001700226952019800243IT-RoPAU120407s9999 xx 000 0 und d aIT-RoPAU cIT-RoPAU aita aAlfredo Passerini aQuestioni di storia antica aMilano aMarzorati c1952 a232 p. c24 cm v1 a1. Storia antica cBK c29698d29698 00102ddc406930_40000000000000071aPAULUSbPAULUSd2012-04-11l0o930.4r2012-04-11 00:00:00w2012-04-11yBKzInserito da: Mario In data: 19 settembre 2011 fondo: Via A.Severo 56 Progr:30491